[Event "4NCL Division 2a"]
[Site "Daventry, ENG"]
[Date "2018.11.11"]
[Round "2.48"]
[White "Patrick, David A"]
[Black "Phillips, David"]
[Result "1/2-1/2"]
[WhiteElo "1880"]
[BlackElo "1825"]
[PlyCount "107"]
[EventDate "2018.11.11"]
[WhiteTeam "Bradford DCA Knights A"]
[BlackTeam "Warwickshire Select 1"]

1. e4 e6 2. d4 d5 3. exd5 exd5 4. Bd3 Bd6 5. Nf3 Nf6 6. Bg5 Qe7+ 7. Qe2 Qxe2+
8. Bxe2 Ne4 9. Be3 O-O 10. O-O Bg4 11. h3 Bh5 12. g4 Bg6 13. Nh4 Re8 14. Nxg6
hxg6 15. Bd3 Nd7 16. Nd2 Ndf6 17. Nb3 c6 18. a3 a5 19. Rad1 a4 20. Nc1 b5 21.
c3 Nd7 22. Bxe4 Rxe4 23. Nd3 f5 24. gxf5 gxf5 25. Bg5 Kf7 26. Kg2 Nb6 27. f3
Re2+ 28. Rf2 Rxf2+ 29. Kxf2 Nc4 30. Re1 Re8 31. Rxe8 Kxe8 32. Ke2 Kf7 33. Kd1
Kg6 34. h4 Kh5 35. Kc2 Bg3 36. Be7 Bxh4 37. Nf4+ Kh6 38. Bxh4 g5 39. Bxg5+ Kxg5
40. Nd3 Kh4 41. Kd1 Kg3 42. Ke2 f4 43. Nb4 Nxb2 44. Nxc6 Nc4 45. Nb4 Nxa3 46.
Nxd5 Nb1 47. Kd3 Kxf3 48. c4 bxc4+ 49. Kxc4 Ke4 50. Nxf4 a3 51. Kb3 Kxd4 52.
Ka2 Ke4 53. Kxb1 Kxf4 54. Ka2 1/2-1/2

[Event "4NCL Division 2a"]
[Site "Daventry, ENG"]
[Date "2019.01.12"]
[Round "3.11"]
[White "Pitcher, John"]
[Black "Mitchell, Martin"]
[Result "1-0"]
[WhiteElo "2250"]
[BlackElo "2222"]
[PlyCount "117"]
[EventDate "2019.01.12"]
[WhiteTeam "Warwickshire Select 1"]
[BlackTeam "Spirit of Atticus A"]

1. e4 d6 2. d4 Nf6 3. Nc3 g6 4. g3 Bg7 5. Bg2 O-O 6. Nge2 Nbd7 7. O-O c5 8. h3
Rb8 9. a4 b6 10. Re1 Bb7 11. d5 a6 12. f4 b5 13. Be3 b4 14. Nb1 Nb6 15. Nd2 a5
16. c4 bxc3 17. Nxc3 e6 18. dxe6 fxe6 19. Qb3 Re8 20. Rad1 Bc6 21. Qc2 Qc7 22.
b3 Nfd7 23. Nb5 Bxb5 24. axb5 Nc8 25. Qd3 Qb6 26. Bf1 Nf8 27. Qc2 Qc7 28. Nc4
Rxb5 29. e5 dxe5 30. Nxe5 Rb8 31. Bxc5 Bxe5 32. fxe5 Nd7 33. Rc1 Qxc5+ 34. Qxc5
Nxc5 35. Rxc5 Rxb3 36. Bc4 Rb8 37. Rxa5 Nb6 38. Ba2 Nc8 39. Rc1 Kf7 40. Rf1+
Ke7 41. Rf6 Kd7 42. Ra4 Rb6 43. Rd4+ Ke7 44. Rh4 Rh8 45. Rhf4 Kd7 46. Rd4+ Ke7
47. Rdf4 Kd7 48. Rf7+ Ne7 49. Rd4+ Ke8 50. Rf6 Rf8 51. Rxe6 Rxe6 52. Bxe6 Rf3
53. Kg2 Re3 54. Bd7+ Kd8 55. Bb5+ Kc8 56. e6 Rxg3+ 57. Kxg3 Nf5+ 58. Kf2 Nxd4
59. e7 1-0

[Event "4NCL Division 2a"]
[Site "Daventry, ENG"]
[Date "2019.01.12"]
[Round "3.12"]
[White "Lund, D Brett"]
[Black "Hanley, James L"]
[Result "1-0"]
[WhiteElo "2238"]
[BlackElo "2221"]
[PlyCount "69"]
[EventDate "2019.01.12"]
[WhiteTeam "Spirit of Atticus A"]
[BlackTeam "Warwickshire Select 1"]

1. c4 e5 2. g3 Nc6 3. Bg2 Bc5 4. Nc3 d6 5. e3 a6 6. Nge2 Ba7 7. d4 Nge7 8. O-O
h5 9. b4 exd4 10. exd4 Nf5 11. c5 O-O 12. a3 dxc5 13. dxc5 Qf6 14. Rb1 Nfd4 15.
Nd5 Nf3+ 16. Kh1 Qf5 17. Bf4 Nfe5 18. Nd4 Qg4 19. Nxc6 Nxc6 20. Nxc7 Bf5 21.
Qxg4 hxg4 22. Nxa8 Bxb1 23. Rxb1 Rxa8 24. Rd1 Rd8 25. Rxd8+ Nxd8 26. Bc7 Nc6
27. Bxc6 bxc6 28. Kg2 f5 29. f3 Kf7 30. fxg4 fxg4 31. Kf2 Ke6 32. Ke3 Kd5 33.
Kd3 g6 34. a4 g5 35. a5 1-0

[Event "4NCL Division 2a"]
[Site "Daventry, ENG"]
[Date "2019.01.12"]
[Round "3.13"]
[White "Brooks, Phil J"]
[Black "Carleton, John J"]
[Result "0-1"]
[WhiteElo "2184"]
[BlackElo "2253"]
[PlyCount "132"]
[EventDate "2019.01.12"]
[WhiteTeam "Warwickshire Select 1"]
[BlackTeam "Spirit of Atticus A"]

1. d4 d5 2. c4 e6 3. Nc3 Bb4 4. e3 Nf6 5. a3 Bxc3+ 6. bxc3 c6 7. Nf3 O-O 8. Bd3
b6 9. cxd5 cxd5 10. c4 Ba6 11. cxd5 Qxd5 12. O-O Bxd3 13. Qxd3 Nbd7 14. Qe2
Rfc8 15. Bb2 b5 16. Rfc1 Nb6 17. Bc3 Ne4 18. Qe1 f6 19. h3 Na4 20. Bb4 Nb2 21.
Qe2 Nc4 22. Be1 a5 23. Qa2 Rab8 24. Rcb1 Rc6 25. Rb3 h5 26. Qb1 Kf7 27. Qd1 g6
28. Rab1 a4 29. Rd3 Ncd6 30. Bb4 Rbc8 31. Ra1 Rc2 32. Nd2 Qf5 33. Qf3 Qxf3 34.
gxf3 Nxd2 35. Rxd2 Rc1+ 36. Rd1 Rxa1 37. Rxa1 Nf5 38. Ra2 Rc1+ 39. Kh2 Nh4 40.
f4 g5 41. fxg5 fxg5 42. Rb2 Kg6 43. Be7 Rc7 44. Bc5 Rb7 45. Kg3 Rf7 46. f4 Nf5+
47. Kf3 g4+ 48. hxg4 hxg4+ 49. Kxg4 Nxe3+ 50. Kf3 Nd5 51. Rg2+ Kf6 52. Rh2 Rg7
53. Bd6 Rg1 54. Rh7 Kg6 55. Rb7 Rb1 56. Ke4 Re1+ 57. Kd3 Re3+ 58. Kd2 Rb3 59.
Rb8 Kf5 60. Re8 Ne3 61. Bc5 Nc4+ 62. Kc1 Nxa3 63. Rb8 Nc4 64. Rf8+ Ke4 65. Rf6
Kd3 66. Rxe6 Nd2 0-1

[Event "4NCL Division 2a"]
[Site "Daventry, ENG"]
[Date "2019.01.12"]
[Round "3.14"]
[White "House, Glenn L"]
[Black "Shephard, Chris C W"]
[Result "1/2-1/2"]
[WhiteElo "2201"]
[BlackElo "2186"]
[PlyCount "162"]
[EventDate "2019.01.12"]
[WhiteTeam "Spirit of Atticus A"]
[BlackTeam "Warwickshire Select 1"]

1. Nf3 f5 2. d3 Nf6 3. e4 fxe4 4. dxe4 Nxe4 5. Bd3 d5 6. Bxe4 dxe4 7. Qxd8+
Kxd8 8. Ng5 Ke8 9. Nc3 Na6 10. Be3 h6 11. Ngxe4 e5 12. O-O-O Be6 13. f4 exf4
14. Bxf4 Kf7 15. Rhf1 Kg6 16. Rd3 Kh7 17. Re1 Bf5 18. Rd5 Bc8 19. a3 b6 20. b4
Bb7 21. Rd7 Bc6 22. Rd3 Be8 23. Kb2 c5 24. b5 c4 25. Rg3 Nc5 26. Bxh6 Nxe4 27.
Nxe4 Bxb5 28. Bd2 Kg8 29. Bc3 Rxh2 30. Ree3 Bc6 31. Nf6+ Kf7 32. Ng4 Rh5 33.
Ne5+ Rxe5 34. Bxe5 Be8 35. Rg4 b5 36. Rf4+ Kg8 37. g3 Bc5 38. Re1 Bd7 39. Bc3
Rc8 40. Rd1 Be8 41. Rg4 Bf8 42. Rd5 a6 43. Bb4 Bf7 44. Rdg5 Bxb4 45. Rxg7+ Kf8
46. axb4 c3+ 47. Ka3 Re8 48. Rxf7+ Kxf7 49. Rf4+ Kg6 50. Rf3 Kg5 51. Rxc3 Re6
52. Rd3 Kg4 53. Kb3 Rc6 54. c3 Kh3 55. Kc2 Kg2 56. g4 Rg6 57. g5 Kf2 58. Rd5
Ke3 59. Rf5 Ke4 60. Rf6 Rxg5 61. Rxa6 Rd5 62. Rg6 Ke5 63. Kb3 Ke4 64. Re6+ Kf5
65. Re8 Kf4 66. Kc2 Kf5 67. c4 Rd4 68. cxb5 Rxb4 69. Rb8 Ke6 70. Kc3 Rb1 71.
Kc4 Kd6 72. Rb7 Rb2 73. Ra7 Rb1 74. Ra3 Kc7 75. Ra7+ Kb6 76. Ra6+ Kb7 77. Rc6
Rc1+ 78. Kd5 Rd1+ 79. Kc4 Rc1+ 80. Kd5 Rd1+ 81. Kc4 Rc1+ 1/2-1/2

[Event "4NCL Division 2a"]
[Site "Daventry, ENG"]
[Date "2019.01.12"]
[Round "3.15"]
[White "Mason, Donald J"]
[Black "Ivell, Nicholas W"]
[Result "1-0"]
[WhiteElo "2097"]
[BlackElo "2224"]
[PlyCount "101"]
[EventDate "2019.01.12"]
[WhiteTeam "Warwickshire Select 1"]
[BlackTeam "Spirit of Atticus A"]

1. e4 c5 2. Nf3 e6 3. d4 cxd4 4. Nxd4 Nf6 5. Nc3 d6 6. g4 h6 7. h4 Nc6 8. Rg1
d5 9. Bb5 Bd7 10. exd5 Nxd4 11. Bxd7+ Qxd7 12. Qxd4 Nxd5 13. Nxd5 Qxd5 14. Qxd5
exd5 15. Be3 Be7 16. h5 Kd7 17. O-O-O Kc6 18. Bd4 Bg5+ 19. Kb1 Bf6 20. Bxf6
gxf6 21. Rg3 Rhe8 22. Rc3+ Kb6 23. Rcd3 Re7 24. Rf3 Re6 25. b3 Rg8 26. Rxd5
Rxg4 27. Rdf5 Rg5 28. Rxg5 fxg5 29. Rxf7 Re1+ 30. Kb2 Rf1 31. Rf6+ Kc7 32. Rxh6
Rxf2 33. Rh7+ Kb6 34. Rg7 Rg2 35. Kc3 g4 36. Kd3 Rh2 37. Rg6+ Kc7 38. h6 g3 39.
Ke3 Rxc2 40. Rxg3 Rh2 41. Rg7+ Kc6 42. h7 a5 43. Kf4 b5 44. Ke5 Kc5 45. Kf6 Kb4
46. Ra7 a4 47. bxa4 bxa4 48. Kg7 Rg2+ 49. Kf8 Rf2+ 50. Kg8 Rg2+ 51. Rg7 1-0

[Event "4NCL Division 2a"]
[Site "Daventry, ENG"]
[Date "2019.01.12"]
[Round "3.16"]
[White "Jackson, Sheila"]
[Black "Page, Mark E"]
[Result "1-0"]
[WhiteElo "2048"]
[BlackElo "2152"]
[PlyCount "79"]
[EventDate "2019.01.12"]
[WhiteTeam "Spirit of Atticus A"]
[BlackTeam "Warwickshire Select 1"]

1. c4 Nf6 2. Nc3 g6 3. d4 Bg7 4. Nf3 d6 5. Bg5 h6 6. Bh4 O-O 7. e3 Nbd7 8. Qc2
c5 9. d5 a6 10. Be2 Qa5 11. O-O Rb8 12. a4 Qc7 13. Rfd1 Ne5 14. Nxe5 dxe5 15.
h3 g5 16. Bg3 Ne8 17. e4 Nd6 18. a5 Bd7 19. f3 f5 20. Bf2 fxe4 21. fxe4 h5 22.
Bxh5 Nxc4 23. d6 Nxd6 24. Nd5 Qd8 25. Bxc5 Rc8 26. b4 Be6 27. Qe2 Rc6 28. Ra3
Bf7 29. Rad3 Qe8 30. Nxe7+ Qxe7 31. Rxd6 Rxd6 32. Bxd6 Bxh5 33. Qxh5 Qf7 34.
Qxg5 Qf2+ 35. Kh2 Re8 36. Rd5 Qf6 37. Qxf6 Bxf6 38. Bc5 Bg5 39. g3 Re6 40. Rd7
1-0

[Event "4NCL Division 2a"]
[Site "Daventry, ENG"]
[Date "2019.01.12"]
[Round "3.17"]
[White "Fallowfield, Jeremy R"]
[Black "Ackley, Peter J E"]
[Result "1-0"]
[WhiteElo "2130"]
[BlackElo "2018"]
[PlyCount "47"]
[EventDate "2019.01.12"]
[WhiteTeam "Warwickshire Select 1"]
[BlackTeam "Spirit of Atticus A"]

1. e4 g6 2. d4 Bg7 3. Nc3 d6 4. f4 Nf6 5. Nf3 O-O 6. e5 Nfd7 7. Bc4 Nb6 8. Bb3
a5 9. a4 d5 10. O-O Na6 11. Ne2 Nc4 12. c3 f5 13. Kh1 c6 14. Bc2 Be6 15. Qe1
Qd7 16. Qh4 h6 17. Rg1 Nc7 18. h3 Kh7 19. g4 Rg8 20. Ng3 fxg4 21. Bxg6+ Kxg6
22. Qh5+ Kh7 23. Ng5+ Kh8 24. Qg6 1-0

[Event "4NCL Division 2a"]
[Site "Daventry, ENG"]
[Date "2019.01.12"]
[Round "3.18"]
[White "Latham, David"]
[Black "Phillips, David"]
[Result "1-0"]
[WhiteElo "2065"]
[BlackElo "1812"]
[PlyCount "69"]
[EventDate "2019.01.12"]
[WhiteTeam "Spirit of Atticus A"]
[BlackTeam "Warwickshire Select 1"]

1. d4 d5 2. Nf3 e6 3. c4 c6 4. cxd5 exd5 5. Nc3 Nf6 6. Bg5 Bf5 7. Qb3 Qb6 8.
Qxb6 axb6 9. Bxf6 gxf6 10. Nh4 Bg6 11. f4 Be4 12. Nxe4 dxe4 13. e3 Na6 14. Kf2
Nb4 15. a3 Nd5 16. Bc4 O-O-O 17. Nf5 Kb8 18. Rad1 h5 19. h4 Rh7 20. Ng3 Re8 21.
Ba2 f5 22. Bxd5 cxd5 23. Rc1 Be7 24. Nxf5 Bf6 25. Rc3 Rc8 26. Rhc1 Rxc3 27.
Rxc3 Rh8 28. Kg3 Rg8+ 29. Kh3 Rg4 30. g3 Rg8 31. Nd6 Rf8 32. Nb5 Bd8 33. Rc2
Be7 34. Rc7 Bd6 35. Rd7 1-0

[Event "4NCL Division 2a"]
[Site "Daventry, ENG"]
[Date "2019.01.12"]
[Round "3.21"]
[White "Lewis, Andrew P"]
[Black "Villiers, Thomas"]
[Result "1/2-1/2"]
[WhiteElo "2297"]
[BlackElo "2245"]
[PlyCount "82"]
[EventDate "2019.01.12"]
[WhiteTeam "Anglian Avengers"]
[BlackTeam "Barnet Knights 1"]

1. Nf3 d5 2. c4 d4 3. d3 Nc6 4. g3 e5 5. Bg2 Nf6 6. O-O Be7 7. b4 e4 8. dxe4
Bxb4 9. e5 Ne4 10. Qc2 Nc5 11. a3 Ba5 12. Rd1 Bg4 13. Bb2 Ne6 14. Nc3 O-O 15.
Nd5 Bxf3 16. exf3 Nxe5 17. f4 Nc6 18. f5 Nc5 19. f6 Re8 20. fxg7 Qg5 21. Rxd4
Nxd4 22. Bxd4 Nd7 23. Qa4 Bb6 24. h4 Qh6 25. Qxd7 Bxd4 26. Rd1 Qxg7 27. Ne7+
Kh8 28. Nf5 Red8 29. Qxd8+ Rxd8 30. Nxg7 Bxf2+ 31. Kxf2 Rxd1 32. Nf5 Rd2+ 33.
Kf1 c6 34. c5 Rd3 35. Nd6 b6 36. cxb6 axb6 37. Nxf7+ Kg7 38. Ne5 Rxg3 39. a4 c5
40. Nc4 Rb3 41. Bc6 Rg3 1/2-1/2

[Event "4NCL Division 2a"]
[Site "Daventry, ENG"]
[Date "2019.01.12"]
[Round "3.22"]
[White "Rocco, Federico"]
[Black "Moore, Graham J"]
[Result "0-1"]
[WhiteElo "2215"]
[BlackElo "2235"]
[PlyCount "132"]
[EventDate "2019.01.12"]
[WhiteTeam "Barnet Knights 1"]
[BlackTeam "Anglian Avengers"]

1. e4 e6 2. d4 d5 3. Nc3 Nf6 4. Bg5 Bb4 5. e5 h6 6. Bd2 Bxc3 7. bxc3 Ne4 8. Qg4
Kf8 9. Be3 Nxc3 10. Nf3 c5 11. dxc5 Qa5 12. Bd2 Qa4 13. Nd4 Ne4 14. Nb3 Bd7 15.
Bd3 Nxd2 16. Qxa4 Nf3+ 17. gxf3 Bxa4 18. f4 Nd7 19. Kd2 Ke7 20. Ke3 Rhc8 21.
Rhg1 g6 22. Rgb1 Bxb3 23. axb3 Nxc5 24. Bf1 Nd7 25. Bd3 a6 26. c4 Nb6 27. Kd4
Rc6 28. c5 Nd7 29. Bb5 Rc7 30. b4 Rac8 31. Bxd7 Kxd7 32. Rb3 Rc6 33. b5 Rxc5
34. bxa6 bxa6 35. Rxa6 R8c7 36. Raa3 Rc1 37. Ke3 Rh1 38. Kf3 Rxh2 39. Kg3 Rh1
40. Rb6 Rhc1 41. Rd6+ Ke7 42. Ra8 Rc8 43. Ra7+ R1c7 44. Raa6 Rd7 45. Kh4 Rcd8
46. Rdc6 d4 47. Rc2 d3 48. Rd2 Rd4 49. Kg3 Kf8 50. Kf3 Kg7 51. Ke3 h5 52. f3
Kh6 53. Ra7 R4d7 54. Ra1 Rd4 55. Ra7 R8d7 56. Ra8 Rb4 57. Ra3 Rdd4 58. Rdxd3
Rxf4 59. Ra1 Rf5 60. Ra5 h4 61. Kf2 Rb2+ 62. Ke3 Rg2 63. Ke4 Re2+ 64. Re3 Rxe3+
65. Kxe3 f6 66. f4 g5 0-1

[Event "4NCL Division 2a"]
[Site "Daventry, ENG"]
[Date "2019.01.12"]
[Round "3.23"]
[White "Gallagher, Daniel GH"]
[Black "Ethelontis, Alexandros N"]
[Result "1-0"]
[WhiteElo "2267"]
[BlackElo "2177"]
[PlyCount "71"]
[EventDate "2019.01.12"]
[WhiteTeam "Anglian Avengers"]
[BlackTeam "Barnet Knights 1"]

1. c4 Nf6 2. Nc3 e5 3. Nf3 Nc6 4. e4 Bb4 5. d3 d6 6. a3 Bxc3+ 7. bxc3 h6 8. g3
a6 9. a4 Rb8 10. Rb1 Be6 11. Bg2 O-O 12. O-O Qd7 13. Nh4 Bg4 14. f3 Be6 15. f4
Bg4 16. Qe1 exf4 17. Rxf4 Ne5 18. Qf1 Ng6 19. Rxf6 Nxh4 20. gxh4 gxf6 21. Bxh6
Qe6 22. h3 Bh5 23. Bf3 Kh7 24. Bxf8 Bxf3 25. Qxf3 Rxf8 26. Rxb7 Rg8+ 27. Kf2
Rg6 28. Qf5 Qe5 29. Qxe5 fxe5 30. Rxc7 Rf6+ 31. Ke2 Kg7 32. Rc6 a5 33. c5 dxc5
34. Rxf6 Kxf6 35. Kf3 Kg6 36. Kg4 1-0

[Event "4NCL Division 2a"]
[Site "Daventry, ENG"]
[Date "2019.01.12"]
[Round "3.24"]
[White "Willmoth, Robert F"]
[Black "Player, Edmund C"]
[Result "0-1"]
[WhiteElo "2237"]
[BlackElo "2245"]
[PlyCount "45"]
[EventDate "2019.01.12"]
[WhiteTeam "Barnet Knights 1"]
[BlackTeam "Anglian Avengers"]

1. d4 Nf6 2. Nf3 d5 3. Bg5 Ne4 4. Bh4 c6 5. Nbd2 Bf5 6. e3 Nd7 7. Nxe4 Bxe4 8.
Be2 Qb6 9. Qc1 e5 10. O-O Bd6 11. c3 Qc7 12. Nxe5 Nxe5 13. dxe5 Bxe5 14. f3 Bf5
15. f4 Bd6 16. c4 Qb6 17. Bf3 dxc4 18. Qxc4 O-O 19. Bf2 Qxb2 20. Rfc1 Rac8 21.
g4 Be6 22. Qa4 Qa3 23. Qc2 {Scoresheets illegible} 0-1

[Event "4NCL Division 2a"]
[Site "Daventry, ENG"]
[Date "2019.01.12"]
[Round "3.25"]
[White "Talsma, Paul"]
[Black "Eden, Tomer"]
[Result "1-0"]
[WhiteElo "2184"]
[BlackElo "2155"]
[PlyCount "91"]
[EventDate "2019.01.12"]
[WhiteTeam "Anglian Avengers"]
[BlackTeam "Barnet Knights 1"]

1. d4 c6 2. c4 d6 3. Nc3 e5 4. Nf3 Nd7 5. e4 Ngf6 6. Be2 Be7 7. O-O O-O 8. h3
Re8 9. Be3 a6 10. a3 Qc7 11. Rc1 Qb8 12. b4 b5 13. d5 cxd5 14. cxd5 Nb6 15. Nd2
Bd7 16. Nb3 Rc8 17. Na5 Bd8 18. Qb3 Na4 19. Nc6 Bxc6 20. dxc6 Nxc3 21. Qxc3
Nxe4 22. Qd3 Nf6 23. Bf3 Qc7 24. g4 h6 25. Kg2 Be7 26. Bd5 Nxd5 27. Qxd5 Re8
28. f3 Bf8 29. Rf2 Rec8 30. h4 Qe7 31. g5 Qe6 32. Rd2 h5 33. c7 Qxd5 34. Rxd5
f6 35. g6 Be7 36. Bb6 Kf8 37. Rc6 Ke8 38. Rd2 Kd7 39. Rdc2 Ke6 40. Ba5 Kf5 41.
Rb6 Kxg6 42. Rcc6 Kf5 43. Rxa6 Rxa6 44. Rxa6 Ke6 45. a4 bxa4 46. b5 1-0

[Event "4NCL Division 2a"]
[Site "Daventry, ENG"]
[Date "2019.01.12"]
[Round "3.26"]
[White "Orgler, Philipp"]
[Black "Cocks, Elliot"]
[Result "1-0"]
[WhiteElo "2050"]
[BlackElo "2042"]
[PlyCount "47"]
[EventDate "2019.01.12"]
[WhiteTeam "Barnet Knights 1"]
[BlackTeam "Anglian Avengers"]

1. d4 Nf6 2. Nc3 d5 3. Bg5 c5 4. Bxf6 gxf6 5. e3 cxd4 6. exd4 Nc6 7. Bb5 a6 8.
Bxc6+ bxc6 9. Nge2 h5 10. Nf4 Bg4 11. f3 Bf5 12. g4 hxg4 13. fxg4 Qb8 14. Qf3
Bxg4 15. Qxg4 Qxb2 16. Kd2 Rxh2+ 17. Rxh2 Qxa1 18. Rh8 Qf1 19. Nce2 e5 20. Qg7
O-O-O 21. Rxf8 exf4 22. Qg4+ Kc7 23. Rxd8 Kxd8 24. Qxf4 1-0

[Event "4NCL Division 2a"]
[Site "Daventry, ENG"]
[Date "2019.01.12"]
[Round "3.27"]
[White "Sheerin, Alex"]
[Black "Sanitt, Leo"]
[Result "1-0"]
[WhiteElo "2027"]
[BlackElo "1960"]
[PlyCount "141"]
[EventDate "2019.01.12"]
[WhiteTeam "Anglian Avengers"]
[BlackTeam "Barnet Knights 1"]

1. d4 d5 2. Bf4 Nf6 3. e3 c5 4. c3 Qb6 5. Qb3 c4 6. Qc2 Nc6 7. Nd2 g6 8. e4
Nxe4 9. Nxe4 dxe4 10. Bxc4 Bf5 11. Qb3 Qxb3 12. axb3 Bg7 13. Bb5 Bd7 14. Ne2
O-O 15. O-O h6 16. h4 a6 17. Bxc6 Bxc6 18. Ra5 Rfd8 19. Ng3 e6 20. Re1 f5 21.
Nf1 Rd5 22. Raa1 b5 23. b4 Rd7 24. Nd2 Bd5 25. Ra3 Bf8 26. Rea1 Rda7 27. Kf1
Kg7 28. Ke2 Be7 29. g3 Kh7 30. Ke3 Bf8 31. f3 exf3 32. Nxf3 Bxf3 33. Kxf3 Kg7
34. Be3 Kh7 35. d5 Re7 36. Rxa6 Rxa6 37. Rxa6 exd5 38. Rb6 Rd7 39. Rxb5 Kg8 40.
Ra5 Bg7 41. Ra6 Kf7 42. Ra7 Ke6 43. Rxd7 Kxd7 44. Ke2 Kc6 45. Kd3 Kb5 46. b3
Be5 47. Bf4 Bg7 48. Bd2 Kc6 49. c4 d4 50. Be1 Bf6 51. Bf2 Be5 52. b5+ Kb7 53.
c5 g5 54. hxg5 hxg5 55. Kc4 g4 56. Kd3 Kc7 57. Be1 Kb7 58. Kc4 Ka7 59. b4 Kb7
60. b6 Kc6 61. b5+ Kb7 62. Bf2 Kc8 63. c6 Kb8 64. b7 Kc7 65. b6+ Kb8 66. Kd5 d3
67. Kxe5 d2 68. Bc5 d1=Q 69. Bd6+ Qxd6+ 70. Kxd6 f4 71. Kd7 1-0

[Event "4NCL Division 2a"]
[Site "Daventry, ENG"]
[Date "2019.01.12"]
[Round "3.28"]
[White "Sanitt, Ethan"]
[Black "Myall, Ivan J"]
[Result "1-0"]
[WhiteElo "1870"]
[BlackElo "2027"]
[PlyCount "83"]
[EventDate "2019.01.12"]
[WhiteTeam "Barnet Knights 1"]
[BlackTeam "Anglian Avengers"]

1. c4 Nf6 2. Nc3 e6 3. e4 d5 4. e5 d4 5. exf6 dxc3 6. bxc3 Qxf6 7. Nf3 b6 8. d4
Bb7 9. Bd3 Bd6 10. Bg5 Bxf3 11. Qd2 Bxg2 12. Bxf6 Bxh1 13. Bxg7 Rg8 14. Qh6 Nd7
15. Bxh7 O-O-O 16. Bxg8 Rxg8 17. O-O-O Be4 18. Kb2 Kb7 19. h4 f6 20. h5 b5 21.
Qe3 Bf5 22. Qf3+ Kb8 23. h6 bxc4 24. Qc6 Nb6 25. a4 e5 26. a5 Bd7 27. Qh1 Na4+
28. Kc2 Bf5+ 29. Kd2 exd4 30. Rb1+ Kc8 31. Qb7+ Kd8 32. Bxf6+ Ke8 33. Re1+ Kf8
34. Bxd4 Bf4+ 35. Be3 Bd6 36. Qa8+ Kf7 37. Qd5+ Be6 38. Qf3+ Ke7 39. h7 Rb8 40.
Bd4 Rb2+ 41. Kc1 Ba3 42. Qf6+ 1-0

[Event "4NCL Division 2a"]
[Site "Daventry, ENG"]
[Date "2019.01.12"]
[Round "3.27"]
[White "Sheerin, Alex"]
[Black "Sanitt, Leo"]
[Result "1-0"]
[WhiteElo "2027"]
[BlackElo "1960"]
[PlyCount "84"]
[EventDate "2019.01.12"]
[WhiteTeam "Anglian Avengers"]
[BlackTeam "Barnet Knights 1"]

1. d4 d5 2. Bf4 Nf6 3. e3 c5 4. c3 Qb6 5. Qb3 c4 6. Qc2 Nc6 7. Nd2 g6 8. e4
Nxe4 9. Nxe4 dxe4 10. Bxc4 Bf5 11. Qb3 Qxb3 12. axb3 Bg7 13. Bb5 Bd7 14. Ne2
O-O 15. O-O h6 16. h4 a6 17. Bxc6 Bxc6 18. Ra5 Rfd8 19. Ng3 e6 20. Re1 f5 21.
Nf1 Rd5 22. Raa1 b5 23. b4 Rd7 24. Nd2 Bd5 25. Ra3 Bf8 26. Rea1 Rda7 27. Kf1
Kg7 28. Ke2 Bb7 29. g3 Kh7 30. Ke3 Kg8 31. f3 exf3 32. Nxf3 Bxf3 33. Kxf3 Kg7
34. Be3 Kh7 35. d5 Re7 36. Rxa6 Rxa6 37. Rxa6 exd5 38. Rb6 Rd7 39. Rxb5 Kg8 40.
Ra5 Bg7 41. Ra6 Kf7 42. Ra5 Ke6 {Scoresheets illegible} 1-0

[Event "4NCL Division 2a"]
[Site "Daventry, ENG"]
[Date "2019.01.12"]
[Round "3.31"]
[White "Lang, Adam R"]
[Black "Polaczek, Richard"]
[Result "0-1"]
[WhiteElo "2163"]
[BlackElo "2374"]
[PlyCount "80"]
[EventDate "2019.01.12"]
[WhiteTeam "Bradford DCA Knights A"]
[BlackTeam "Manchester Manticores 1"]

1. e4 e6 2. d3 d5 3. Nd2 c5 4. Ngf3 Nc6 5. g3 Bd6 6. Bg2 Nge7 7. O-O O-O 8. Re1
Bc7 9. Qe2 Rb8 10. Nf1 b6 11. h4 e5 12. exd5 Nxd5 13. Ne3 Nf6 14. Bd2 h6 15. a4
Re8 16. Bc3 Nd4 17. Qf1 Ba6 18. Bxd4 cxd4 19. Nc4 Bxc4 20. dxc4 e4 21. Nh2 Qe7
22. Qe2 h5 23. Rad1 Rbd8 24. b3 Qc5 25. Kh1 Re6 26. Qf1 Rde8 27. Bh3 R6e7 28.
Qg2 e3 29. f3 Qe5 30. Re2 Bd6 31. Nf1 Bc5 32. Rd3 Qc7 33. Kg1 a6 34. Bf5 g6 35.
Bh3 b5 36. axb5 axb5 37. cxb5 Nd5 38. f4 Nb4 39. Rd1 Nxc2 40. Rxc2 d3 0-1

[Event "4NCL Division 2a"]
[Site "Daventry, ENG"]
[Date "2019.01.12"]
[Round "3.32"]
[White "Jayawarna, Nugith"]
[Black "Bak, Christopher"]
[Result "1-0"]
[WhiteElo "2192"]
[BlackElo "2054"]
[PlyCount "65"]
[EventDate "2019.01.12"]
[WhiteTeam "Manchester Manticores 1"]
[BlackTeam "Bradford DCA Knights A"]

1. c4 c5 2. Nc3 Nc6 3. g3 g6 4. Bg2 Bg7 5. e4 Nf6 6. Nge2 O-O 7. d3 d6 8. O-O
Rb8 9. h3 a6 10. a4 Ne8 11. Be3 Nc7 12. d4 cxd4 13. Nxd4 Ne6 14. Nde2 Nc5 15.
f4 Bd7 16. Rb1 Nb4 17. g4 Qa5 18. b3 Rfc8 19. Qd2 Qd8 20. f5 b5 21. Bh6 Be5 22.
axb5 axb5 23. Nf4 bxc4 24. bxc4 Bxf4 25. Bxf4 Ncd3 26. Bh6 Rxc4 27. Nd5 Rc2 28.
Qxc2 Nxc2 29. Rxb8 Qxb8 30. Nxe7+ Kh8 31. f6 Qb6+ 32. Kh2 Qe3 33. Bg7# 1-0

[Event "4NCL Division 2a"]
[Site "Daventry, ENG"]
[Date "2019.01.12"]
[Round "3.33"]
[White "Drabble, Andrew"]
[Black "Mazek, Marek"]
[Result "1/2-1/2"]
[WhiteElo "2080"]
[BlackElo "2110"]
[PlyCount "120"]
[EventDate "2019.01.12"]
[WhiteTeam "Bradford DCA Knights A"]
[BlackTeam "Manchester Manticores 1"]

1. d4 d5 2. Nf3 Nf6 3. c4 c6 4. Nc3 e6 5. cxd5 exd5 6. Bg5 Be7 7. Qc2 O-O 8. e3
Ne4 9. Bxe7 Qxe7 10. Bd3 f5 11. O-O Be6 12. Ne5 Nd7 13. Nxd7 Qxd7 14. f3 Nd6
15. Rfe1 g5 16. Rad1 Kh8 17. e4 dxe4 18. fxe4 f4 19. d5 cxd5 20. Nxd5 Rac8 21.
Qf2 Qg7 22. b3 Bg4 23. Rd2 Qe5 24. Qxa7 f3 25. g3 h5 26. Qf2 Rf7 27. Nb6 Rcf8
28. Nc4 Nxc4 29. Bxc4 Rg7 30. Rd5 Qe7 31. Re3 h4 32. Rd2 b5 33. Bf1 hxg3 34.
Qxg3 Qc5 35. Qf2 Qb4 36. e5 Qf4 37. Re1 Be6 38. Rd4 Qf5 39. Bd3 Qh3 40. Bf1 Qh5
41. Bd3 Rf4 42. Ree4 Rxe4 43. Bxe4 g4 44. Rd8+ Rg8 45. Rxg8+ Kxg8 46. Qe3 Qh4
47. Qf2 Qg5 48. Qe1 Qf4 49. Bb7 b4 50. Qe4 Qc1+ 51. Kf2 Kg7 52. Qxb4 Qb2+ 53.
Ke3 Qe2+ 54. Kd4 Qf2+ 55. Ke4 Qh4 56. Ke3 Qxh2 57. Qe7+ Bf7 58. Qf6+ Kf8 59.
Qd8+ Kg7 60. Qf6+ Kf8 1/2-1/2

[Event "4NCL Division 2a"]
[Site "Daventry, ENG"]
[Date "2019.01.12"]
[Round "3.34"]
[White "Peacock, Malcolm R"]
[Black "Jennings, Roger W"]
[Result "1-0"]
[WhiteElo "2080"]
[BlackElo "2027"]
[PlyCount "105"]
[EventDate "2019.01.12"]
[WhiteTeam "Manchester Manticores 1"]
[BlackTeam "Bradford DCA Knights A"]

1. c4 g6 2. g3 Bg7 3. Bg2 Nf6 4. Nc3 O-O 5. d3 Nc6 6. Bg5 d6 7. Qd2 Re8 8. Nf3
Bd7 9. h3 Qc8 10. Nd5 Nxd5 11. cxd5 Ne5 12. Nxe5 Bxe5 13. Rc1 e6 14. dxe6 Bxe6
15. d4 Bg7 16. d5 Bd7 17. Be3 Bb5 18. Qa5 Ba6 19. Qxc7 Bxb2 20. Qxc8 Raxc8 21.
Rxc8 Rxc8 22. Bxa7 Rc2 23. Kd1 Rxe2 24. Bf1 Re7 25. Kc2 Bxf1 26. Rxf1 Be5 27.
Rc1 Rc7+ 28. Kd2 Rxc1 29. Kxc1 Kf8 30. Kc2 f5 31. Kb3 Ke7 32. Kc4 g5 33. g4
fxg4 34. hxg4 Kd7 35. Bb6 Ke7 36. Kd3 Kf7 37. Ke4 Kg6 38. a4 Bf4 39. Bd4 Bd2
40. Kd3 Bf4 41. Kc4 h5 42. gxh5+ Kxh5 43. Kb5 Kg4 44. Kb6 Kf3 45. Kxb7 Bd2 46.
Kc6 Bb4 47. Bb6 g4 48. a5 Bc5 49. a6 Bxb6 50. Kxb6 Kxf2 51. a7 g3 52. a8=Q g2
53. Qa2+ 1-0

[Event "4NCL Division 2a"]
[Site "Daventry, ENG"]
[Date "2019.01.12"]
[Round "3.35"]
[White "Nicholson, Jim W R"]
[Black "Hamer, Martyn"]
[Result "1-0"]
[WhiteElo "1991"]
[BlackElo "2117"]
[PlyCount "81"]
[EventDate "2019.01.12"]
[WhiteTeam "Bradford DCA Knights A"]
[BlackTeam "Manchester Manticores 1"]

1. d4 Nf6 2. Nf3 g6 3. Bg5 Bg7 4. Nbd2 O-O 5. c3 d6 6. e4 h6 7. Bh4 c5 8. dxc5
dxc5 9. Bc4 Nc6 10. O-O Nh5 11. Re1 Qc7 12. Qc2 g5 13. Bg3 Nxg3 14. hxg3 b6 15.
Nf1 Bb7 16. Rad1 Rad8 17. Qe2 Rxd1 18. Rxd1 Rd8 19. Re1 e6 20. N1h2 Qe7 21. Bb3
h5 22. g4 h4 23. Qe3 f6 24. Qe2 Kh8 25. Nf1 e5 26. Ne3 Na5 27. Bd5 Bxd5 28.
Nxd5 Qd7 29. Nh2 c4 30. Nf1 b5 31. Nfe3 Nb7 32. Qf3 Qe6 33. g3 hxg3 34. fxg3
Nc5 35. Re2 Kg8 36. Rh2 Rd7 37. Qh1 Qf7 38. Nf5 Qf8 39. Nh6+ Kh7 40. Nf5+ Kg6
41. Rh7 1-0